000 00257nam a22001097a 4500
008 240708b |||||||| |||| 00| 0 eng d
100 _aRaina, Vimal
_916673
245 _aPyasa Pani
260 _aDelhi:
_bAtma Ram pub;
_c1965.
300 _a372p.
942 _cBK
999 _c40464
_d40464